Sports Quiz

Random Sports or Auto Racing Quiz

Grand Prix of Bahrain 2016: Top 10 Quiz Stats

 Plays Quiz not verified by Sporcle

Challenge
Share
Tweet
Score 0/10 Timer 03:00
1 Play Today
Rank Driver % Correct
3Lewis Hamilton
98.9%
1Nico Rosberg
95.5%
8Felipe Massa
92.1%
4Daniel Ricciardo
90.9%
6Max Verstappen
90.6%
9Valtteri Bottas
89.1%
2Kimi Räikkönen
88.7%
5Romain Grosjean
83.8%
7Daniil Kvyat
81.5%
10Stoffel Vandoorne
58.9%

You're not logged in!

Compare scores with friends on all Sporcle quizzes.
Join for Free
OR
Log In

You Might Also Like...

Show Comments

Extras

Top Quizzes Today


Score Distribution

Your Account Isn't Verified!

In order to create a playlist on Sporcle, you need to verify the email address you used during registration. Go to your Sporcle Settings to finish the process.

Report this User

Report this user for behavior that violates our Community Guidelines.

Details: